000 01171cam a22002534a 4500
999 _c129014
_d129014
001 14787389
003 ARRUPE
005 20190214104158.0
008 070328s2008 enk b 100 0 eng
010 _a 2007013125
020 _a9780754660545 (hardcover : alk. paper)
040 _aDLC
_cDLC
_dDLC
050 0 0 _aK418
_b.C657 2006
082 0 0 _a340/.112
_222
111 2 _aConference on Natural Law
_d(2006 :
_cUniversity of Navarra)
_944675
245 1 0 _aContemporary perspectives on natural law :
_bnatural law as a limiting concept /
_cedited by Ana Marta González.
260 _aLondon :
_bRoutledge,
_cc2006.
300 _axii, 322 p. ;
_c24 cm.
504 _aIncludes bibliographical references.
650 0 _aNatural law
_vCongresses.
_944676
700 1 _aGonzález, Ana Marta,
_d1969-
_944677
856 4 1 _3Table of contents only
_uhttp://www.loc.gov/catdir/toc/ecip0714/2007013125.html
906 _a7
_bcbc
_corignew
_d1
_eecip
_f20
_gy-gencatlg
942 _2lcc
_cMONOGRAPH